Les relacions intergeneracionals : desenvolupament en el marc educatiu local / [Schola Didàctica Activa, SL] desenvolupament en el marc educatiu local / [Schola Didàctica Activa, SL]
ISBN:
84-7794-937-9
Descripción Física:
35 p. ; 28 cm
Colección:
Guies metodològiques ; 5
MARC
| LEADER | 00000nam a2200000Ia 4500 | ||
|---|---|---|---|
| 001 | 15939 | ||
| 008 | 160829s9999 xx 000 0 cat d | ||
| 020 | |a 84-7794-937-9 | ||
| 080 | |a FU-40-7 | ||
| 100 | |a Schola Didàctica Activa |9 39116 | ||
| 245 | |a Les relacions intergeneracionals : |b desenvolupament en el marc educatiu local / [Schola Didàctica Activa, SL] | ||
| 260 | |a [Barcelona] : |b Diputació de Barcelona. Àrea d'Educació, cop. 2003 | ||
| 300 | |a 35 p. ; |c 28 cm | ||
| 490 | |a Guies metodològiques ; 5 | ||
| 590 | |a Bibliografia | ||
| 650 | |a Relacions intergeneracionals |9 39117 | ||
| 650 | 0 | |a Educació no-formal |9 39118 | |
| 710 | |a Barcelona (Catalunya : Província). |b Àrea d'Educació |9 8009 | ||
| 901 | |a Arxiu | ||
| 942 | |n 1 | ||
| 952 | |0 0 |1 0 |4 0 |6 FU407 |7 1 |9 48813 |a Arxiu |b Arxiu |d 2016-12-01 |l 0 |o FU-40-7 |p 15939 |r 2016-12-01 00:00:00 |w 2016-12-01 |y ARXIU | ||
| 999 | |c 52646 |d 52646 | ||